Statistics for Place Names in JONI MITCHELL Song Titles

Click here to take the quiz!

General Stats

  • This quiz has been taken 35 times
  • The average score is 5 of 7

Answer Stats

HintAnswer% Correct
_______ Morning1969Chelsea
93%
Free Man in _____1974Paris
90%
Morning __________1970Morgantown
83%
In ______ They Kiss on Main Street1975France
73%
Slouching Towards _________1991Bethlehem
53%
The Dry Cleaner from ___ ______1979Des Moines
47%
Harlem in ______2005Havana
40%

Score Distribution

Percentile by Number Answered

Percent of People with Each Score

Your Score History

You have not taken this quiz